Подробности
| 000 -МАРКЕР |
| контрольное поле |
01831nam0a2200349 4500 |
| 001 - ИДЕНТИФИКАТОР ЗАПИСИ |
| контрольное поле |
RU\NLR\bibl\796049 |
| 005 - ИДЕНТИФИКАТОР ВЕРСИИ |
| контрольное поле |
20260405213032.0 |
| 010 ## - МЕЖДУНАРОДНЫЙ СТАНДАРТНЫЙ НОМЕР КНИГИ (ISBN) |
| Номер (ISBN) |
5-93286-065-0 |
| Тираж |
2000 |
| 021 ## - НОМЕР ГОСУДАРСТВЕННОЙ РЕГИСТРАЦИИ |
| Код страны |
Российская Федерация |
| Номер |
2005-5092 |
| Номер Листа государственной регистраци |
255 |
| 035 ## - ДРУГИЕ СИСТЕМНЫЕ НОМЕРА |
| Идентификатор записи |
(NLR Aleph) 000785251 |
| 100 ## - ДАННЫЕ ОБЩЕЙ ОБРАБОТКИ |
| Данные общей обработки |
20050505d2005 |||y0rusy50 ca |
| 101 1# - ЯЗЫК РЕСУРСА |
| Язык текста, звукозаписи и т.д. |
русский |
| Язык оригинала |
английский |
| 102 ## - СТРАНА ПУБЛИКАЦИИ ИЛИ ПРОИЗВОДСТВА |
| Страна публикации |
Российская Федерация |
| 105 ## - ПОЛЕ КОДИРОВАННЫХ ДАННЫХ: ТЕКСТОВЫЕ МАТЕРИАЛЫ, МОНОГРАФИЧЕСКИЕ |
| Кодированные данные о монографическом текстовом документе |
a ||||||||| |
| 200 1# - ЗАГЛАВИЕ И СВЕДЕНИЯ ОБ ОТВЕТСТВЕННОСТИ |
| Основное заглавие |
Программируем командный дух |
| Сведения, относящиеся к заглавию |
базовые протоколы, позволяющие создавать и поддерживать общее видение |
| Первые сведения об ответственности |
Джим и Мишель Мак-Карти |
| Последующие сведения об ответственности |
[пер. с англ. Ю. Асотова] |
| 210 ## - ПУБЛИКАЦИЯ, РАСПРОСТРАНЕНИЕ И ДР. |
| Место издания, распространения и т.д. |
Санкт-Петербург |
| -- |
Москва |
| Имя издателя, распространителя и т. д. |
Символ |
| Дата издания, распространения и т.д. |
2005 (макет 2004) |
| 215 ## - ФИЗИЧЕСКАЯ ХАРАКТЕРИСТИКА |
| Специфическое обозначение материала и объем |
415 с. |
| Другие сведения о физической характеристике |
ил. |
| Размеры |
22 |
| 225 1# - СЕРИЯ |
| Основное заглавие серии |
Профессионально |
| 300 ## - ОБЩИЕ ПРИМЕЧАНИЯ |
| Текст примечания |
Загл. и авт. ориг.: Software fo Your head / Jim and Michele McCarthy |
| 320 ## - ПРИМЕЧАНИЯ О НАЛИЧИИ В ДОКУМЕНТЕ БИБЛИОГРАФИИ / УКАЗАТЕЛЯ |
| Текст примечания |
Алф. указ.: с. 411-415 |
| 454 #0 - ОРИГИНАЛ (ПЕРЕВОДА) |
| Встроенное поле |
2001#$aSoftware for Your head$fJim and Michele McCarthy |
| -- |
700#1$3RU\NLR\auth\7796091$aMcCarthy$bJ.$cпрограммист$f1951-$gJim$4070 |
| -- |
701#1$3RU\NLR\auth\7796092$aMcCarthy$bM.$f1967-$gMichele$4070 |
| Заглавие |
Software for Your head |
| Автор |
McCarthy, Jim (программист ; 1951-) |
| 606 1# - НАИМЕНОВАНИЕ ТЕМЫ КАК ПРЕДМЕТ |
| Наименование темы |
Групповая деятельность |
| Тематический подзаголовок |
Психолого-управленческая оценка |
| Системный номер авторитетной/нормативной записи |
2161074 |
| Идентификатор авторитетной/нормативной записи |
RU\NLR\auth\661300575 |
| 686 ## - ИНДЕКСЫ ДРУГИХ КЛАССИФИКАЦИЙ |
| Индекс |
С550.373 |
| 700 #1 - ИМЯ ЛИЦА - ПЕРВИЧНАЯ ОТВЕТСТВЕННОСТЬ |
| Код отношения |
Автор |
| Материалы, к которым относится поле |
rus |
| Графика поля |
Кириллица |
| Начальный элемент ввода |
Маккарти |
| Часть имени, кроме начального элемента ввода |
Дж. |
| Дополнения к именам, кроме дат |
программист |
| Даты |
1951- |
| Расширение инициалов личного имени |
Джим |
| Идентификатор авторитетной/нормативной записи |
RU\NLR\AUTH\7796089 |
| Системный номер авторитетной/нормативной записи |
79015 |
| 701 #1 - ИМЯ ЛИЦА - АЛЬТЕРНАТИВНАЯ ОТВЕТСТВЕННОСТЬ |
| Код отношения |
Автор |
| Материалы, к которым относится поле |
rus |
| Графика поля |
Кириллица |
| Начальный элемент ввода |
Маккарти |
| Часть имени, кроме начального элемента ввода |
М. |
| Даты |
1967- |
| Расширение инициалов личного имени |
Мишель |
| Идентификатор авторитетной/нормативной записи |
RU\NLR\AUTH\7796086 |
| Системный номер авторитетной/нормативной записи |
79012 |
| 801 #0 - ИСТОЧНИК ЗАПИСИ |
| Страна |
Российская Федерация |
| Организация |
NLR |
| Дата составления |
20050505 |
| Правила каталогизации |
rcr |
| 801 #1 - ИСТОЧНИК ЗАПИСИ |
| Страна |
Российская Федерация |
| Организация |
NLR |
| Дата составления |
20050505 |
| 942 ## - ДОПОЛНИТЕЛЬНЫЕ ЭЛЕМЕНТЫ ЗАПИСИ (АБИС) |
| Тип экземпляра АБИС |
Книга |
| 980 ## - КОЛЛЕКЦИЯ |
| Название коллекции |
Национальная библиография |